[Event "Poikovsky Karpov 07th"]
[Site "Poikovsky"]
[Date "2006.03.24"]
[Round "6"]
[White "Sokolov, Ivan"]
[Black "Bologan, Viktor"]
[Result "0-1"]
[WhiteElo "2689"]
[BlackElo "2661"]
[Annotator "Hazai,L"]
[PlyCount "92"]
[EventDate "2006.03.18"]
[EventType "tourn"]
[EventRounds "9"]
[EventCountry "RUS"]
[EventCategory "18"]
[SourceTitle "CBM 112"]
[Source "ChessBase"]
[SourceDate "2006.06.07"]
[SourceVersion "1"]
[SourceVersionDate "2006.06.07"]
[SourceQuality "1"]

1. d4 Nf6 2. c4 g6 3. Nc3 Bg7 4. e4 d6 5. Bd3 O-O 6. Nge2 a6 7. O-O Nbd7 {
Black's sophysticated plan prepares c5 and in case b5 with Benko Gambit type
of positions.} 8. h3 (8. Bc2 c5 (8... c6 9. a4 a5 {is the other plan followed
by e5 with a dark squared strategy.}) 9. d5 b5 $5 (9... Ne5)) 8... c5 (8... e5
$6 {is the wrong plan in the [+], here a6 is useless.} 9. d5 $16) 9. Be3 {
White's strategy fails to impress. In comparision to a "normal" hedgehog
position his pieces are not well-placed.} (9. d5 Ne5 {exchanges the the
light-squared B.}) 9... b6 (9... Rb8 {/\ b5} 10. a4 {weakening the dark
squares.} (10. Qd2 {allows} b5 11. cxb5 axb5 12. Nxb5 Nxe4 $13) 10... cxd4 11.
Nxd4 Ne5 (11... Nc5 12. b4 Nxd3 {- 11...Ne5}) 12. b4 (12. Be2) 12... a5 (12...
Nxd3 13. Qxd3 a5 (13... Nd7 14. a5) 14. b5 {- 12...a5}) 13. b5 {>< c5} Nfd7 {
emphasizing the pressure on the dark squares.} (13... Nxd3 {There was no need
to exchange the bad light-squared B.} 14. Qxd3 Nd7 15. Rad1 Nc5 16. Qc2 Bd7 17.
Nb3 {White has to eliminate the important blockading N.} Nxb3 18. Qxb3 Be6 19.
Nd5 $14 {I.Sokolov-Polzin, Baden-Oos 2005}) 14. Be2 Nc5 (14... Nb6 15. Qb3) 15.
f4 Ned7 $13) (9... e6 10. Rc1 cxd4 11. Nxd4 d5 {Even this central breakthrough
was not forced.} ({It was possible to build up the hedgehog by the typical} 
11... Qc7 {/\ b6, Bb7}) 12. cxd5 exd5 13. exd5 Nb6 14. Nf3 Nbxd5 15. Nxd5 Nxd5
16. Bc5 Re8 17. Bc4 Be6 18. Nd4 Nf4 19. Nxe6 Nxe6 {White has won the ^^, but
the d4 square is in Black's hand.} 20. Qf3 Qf6 21. Qxf6 Bxf6 22. Be3 Rad8 $11 {
Flear-Lanka, Cappelle la Grande 1994}) (9... cxd4 10. Nxd4 e6 {/\ Qc7, b6 Bb7
buliding up the flexible hedgehog position, where f3 is better than h3.}) 10.
a4 {The whole plan looks suspicious.} (10. b3 {creates no weaknesses at least.}
cxd4 11. Bxd4 (11. Nxd4 Bb7 $13) 11... Bb7 12. Ng3 e6 13. Rc1 Qc7 {Black's
position is impregnable.} 14. Qd2 Rad8 15. Rfe1 Qb8 16. Be3 Nc5 17. Bb1 d5 18.
cxd5 exd5 19. exd5 Nxd5 20. Nxd5 Bxd5 21. Qe2 {1/2-1/2 Lorscheid-Poldauf,
Germany 2003}) 10... cxd4 11. Nxd4 (11. Bxd4 Bb7 $13) 11... Bb7 12. a5 {
This is the main idea, but it only works well if White can play b4 and hold
that square.} Nc5 (12... bxa5 13. Nb3 Rb8 14. Nxa5 Ba8 {and there is no b4 yet.
}) 13. axb6 Qxb6 {This is the safest option.} (13... Nfxe4 14. Nxe4 Nxe4 15. b4
{with a strong P formation on the <<.}) 14. Qb1 Rfc8 (14... Rfb8 {fighting for
the semi-opened b <-> looks logical.}) 15. Bc2 Qd8 (15... Qb4 16. Na2 Qb6 (
16... Qxc4 $2 17. b3) 17. Nc3 {repetition of moves}) 16. Rd1 (16. b4 Ncd7 17.
Bb3 Ne5 {attacking the weakened >< c4.}) 16... Ncd7 17. Bd3 e6 (17... Ne5 18.
b3 Nxd3 19. Qxd3 {exchanging the passive light-squared B is not a big deal.})
18. Nb3 {/\ Na5} (18. Nf3 {came into consideration.} Nc5 19. b4 Nxd3 20. Qxd3
Qc7 $13) 18... a5 {fighting for the dark squares. b2-b4 remained only a dream.}
(18... Qc7 {allows} 19. Na5) 19. Bf1 a4 20. Nd4 (20. Nd2 Nc5 $15) 20... Nc5 21.
e5 (21. f3) 21... Nfe4 22. exd6 a3 (22... Nxc3 23. bxc3 Be4 24. Qb4 $13) 23.
Nxe4 (23. Ncb5) 23... Bxe4 24. Qa2 axb2 25. Qxb2 Rxa1 26. Qxa1 Qxd6 (26... Bc2
$1 $13) 27. Nb5 ({missing the simple} 27. Nf5 $1 Bxf5 28. Qxg7+ Kxg7 29. Rxd6 {
with a bit better _|_ because of the c o^ and the ^^.}) 27... Qb8 28. Qa2 (28.
Qa7) 28... Bf8 29. Qe2 Bc6 30. Bd4 Nd7 31. Ba1 (31. Na7 Rc7 32. Nxc6 Rxc6 $11 {
successfully blockading the c5 square.}) 31... e5 32. Qe3 (32. Nc3 $1) 32...
Bc5 33. Qg3 Re8 34. Re1 Qb6 35. Bd3 Ra8 36. Bb2 Ra2 37. Re2 Qa5 38. Kh2 $6 (38.
Bb1) 38... Qb4 $2 (38... f6 $1 {defending the vital e5 square was essential.})
39. Bc3 Qb3 40. Bxe5 $2 {[%mdl 8192]} ({missing the tactical blow} 40. Rxe5 $1
Bxb5 (40... Nxe5 $2 41. Qxe5 $18) 41. Rxc5 Qxc3 42. Rxb5 $16) 40... Rxe2 41.
Bxe2 Qa2 {Now White is helpless against the numerous threats.} 42. Nc3 Qb2 43.
Qg5 (43. f4 Nxe5 44. fxe5 Qa1 $19) 43... Nxe5 44. Qxe5 Bxf2 45. Qf6 $2 (45. Bf1
Ba7 $17) 45... Qb8+ $19 46. Kh1 Bxg2+ $1 0-1

[Event "Tata Steel-B 76th"]
[Site "Wijk aan Zee"]
[Date "2014.01.24"]
[Round "11"]
[White "Timman, Jan H"]
[Black "Jobava, Baadur"]
[Result "1/2-1/2"]
[WhiteElo "2607"]
[BlackElo "2710"]
[Annotator "Stohl,I"]
[PlyCount "160"]
[EventDate "2014.01.11"]
[EventType "tourn"]
[EventRounds "13"]
[EventCountry "NED"]
[EventCategory "14"]
[SourceTitle "CBM 159"]
[Source "ChessBase"]
[SourceDate "2014.03.17"]
[SourceVersion "1"]
[SourceVersionDate "2014.03.17"]
[SourceQuality "1"]

1. d4 Nf6 2. c4 c5 3. d5 g6 4. Nc3 Bg7 5. e4 O-O 6. Bd3 e6 $5 {A somewhat
provocative move order, typical of Jobava's fearless style.} ({Black almost
exclusively plays the standard} 6... d6 {here, after} 7. h3 ({Naturally White
has also other options, as} 7. Nf3 {or}) (7. Nge2) 7... e6 8. Nf3 exd5 {
White has a choice. Even the symmetrical recapture} 9. exd5 $5 (9. cxd5 {
leads to the Modern Benoni - A70.}) 9... Re8+ 10. Be3 Bh6 11. O-O $14 {has
scored well in practice.}) 7. e5 $5 {[%mdl 64] Timman accepts the challenge,
the ambitious central thrust leads to complications.} ({A more sedate way to
fight for an edge is the normal theoretical move} 7. Nf3 exd5 8. cxd5 (8. exd5
Re8+ {already forces a concession, as now} 9. Be3 $2 {runs into} Ng4 $17) 8...
d6 9. h3 {leads to the aforementioned Benoni line, This has already featured
in Jobava's practice, but without great success:} Re8 ({Earlier Baadur used to
play the main move} 9... b5) 10. O-O Nbd7 11. Re1 (11. Bf4 c4 12. Bc2 Nc5 13.
Re1 b5 14. e5 (14. a3 $5) 14... dxe5 15. Bxe5 a6 16. Qd2 Bb7 17. Rad1 b4 18.
Na4 Qa5 19. Nxc5 Qxc5 20. Ba4 Red8 21. Bd4 Qc7 22. Bc6 {Wojtaszek,R (2717)
-Jobava,B (2730)/Poznan m/2012/} Nxd5 23. Bxg7 Kxg7 $11) 11... Ne5 ({A rare
idea. A stronger move is the more usual} 11... a6 $142 12. a4 Nh5 $5 $14 {/<=>}
) 12. Nxe5 Rxe5 13. Bf4 Re8 14. Nb5 $5 (14. Qd2 a6 15. a4 Qc7 16. Rac1 Nd7 17.
Bf1 Ne5 18. b4 b6 19. Bh6 Bxh6 20. Qxh6 f6 21. bxc5 bxc5 22. f4 Nf7 23. Qh4 Kg7
24. Rb1 Rb8 25. Rxb8 Qxb8 26. Rb1 Qc7 27. Qf2 Qa5 28. Qc2 g5 29. g3 gxf4 30.
gxf4 Nh8 31. Ne2 Ng6 32. Ng3 Kf7 33. Nh5 Rg8 34. Kh1 Qd8 35. Rb8 Qe7 36. e5
dxe5 37. Qb3 Qd6 38. Rb6 c4 39. Bxc4 Qc5 40. Rc6 {1-0 Cheparinov,I (2689)
-Jobava,B (2734)/Burgas 2012/CBM 151}) 14... Nh5 $6 (14... Bf8 15. a4 a6 16.
Na3 $14) 15. Bxd6 Bxh3 16. gxh3 a6 17. e5 Nf4 18. Bf1 axb5 19. Qg4 Nxd5 20.
Bxb5 Re6 21. Bc4 Ra4 22. b3 h5 23. Qf3 Qg5+ 24. Qg3 Qxg3+ 25. fxg3 Rxc4 26.
bxc4 Nb4 27. Rab1 $18 {Ding,L (2702)-Jobava,B (2711)/Beijing rpd/2012/}) 7...
Ne8 8. Nf3 d6 (8... exd5 9. Nxd5 $1 (9. cxd5 $143 d6 10. Bg5 Qc7 $13 (10... f6
11. exf6 Bxf6 $132)) 9... d6 (9... Nc6 10. Bg5 Qa5+ 11. Qd2 Qxd2+ 12. Kxd2 f6 (
12... d6 13. Ne7+ {- 9...d6}) 13. exf6 Nxf6 14. Nxf6+ Bxf6 15. Bxf6 Rxf6 16.
Rhe1 $32 {|^}) 10. Bg5 Qa5+ 11. Qd2 (11. b4 cxb4 12. Ne7+ Kh8 13. Nxc8 Nc6 14.
Nxd6 Nxe5 $36) 11... Qxd2+ 12. Kxd2 Nc6 13. Ne7+ Nxe7 (13... Kh8 $2 14. Nxc6
bxc6 15. Be7) 14. Bxe7 dxe5 15. Bxf8 Kxf8 16. Rhe1 $14) 9. Bg5 Qc7 (9... f6 10.
exf6 Bxf6 (10... Nxf6 11. O-O exd5 12. Nxd5 Bg4 13. h3 Bxf3 14. Qxf3 Nc6 (14...
Nbd7 15. Rae1 $14) 15. Rae1 Ne5 16. Qg3 Qd7 17. Nxf6+ Bxf6 18. Bxf6 Rxf6 19.
Be4 $16 {Petran-Kapu, Budapest 1974}) 11. h4 $5 (11. Qd2 $36) 11... exd5 12.
Nxd5 Bg4 13. Qd2 Nc6 14. O-O-O Bxf3 15. gxf3 Bxg5 16. hxg5 Nd4 17. f4 Nc7 18.
Nf6+ Rxf6 19. gxf6 Qxf6 20. f5 $1 gxf5 21. Rdg1+ Kh8 22. Rh6 $18 {Peralta,F 
(2516)-Ostos,J (2332)/Binissalem/2004/}) (9... Qd7 10. Bf4 (10. exd6 $5 Nxd6
11. O-O e5 12. Re1 $14) 10... exd5 11. cxd5 (11. Nxd5 Nc6 $11 (11... Nc7 $5 12.
Nxc7 Qxc7 13. exd6 Re8+ $132)) 11... dxe5 (11... Qg4 $1 12. Bg3 dxe5 13. O-O f6
$13) 12. Nxe5 Qe7 13. Qe2 Nd7 14. Nc4 Qxe2+ 15. Bxe2 b6 16. O-O Ba6 17. Rfd1
Bxc4 18. Bxc4 Ne5 19. Bf1 Rd8 20. Re1 f6 21. a4 a5 {Balacek,T (2258)-Bagi,M 
(2369)/Maribor/2013/} 22. Ra3 $14) 10. Nb5 ({The ultra-sharp} 10. h4 $5 {
is a critical attempt to refute Black's play.} dxe5 11. h5 f5 12. hxg6 hxg6 13.
Qe2 {However, it's quite possible that here Jobava had something up his sleeve:
} e4 14. Nxe4 fxe4 15. Qxe4 Rf5 (15... Nf6 $5 16. Qh4 (16. Qxg6 Qf7 17. Qh7+
Nxh7 18. Bxh7+ Kh8 19. Bc2+ $11) 16... exd5 17. Bxg6 Nc6 18. O-O-O $44) 16.
O-O-O Qb6 17. Rd2 Nf6 18. Bxf6 Rxf6 19. Ng5 Na6 20. Nh7 e5 21. Nxf6+ Qxf6 22.
Qxg6 Qxg6 23. Bxg6 Bd7 24. Be4 $16 {Sadler,M (2665)-Forster,R (2460)/Luzern
WChT/1997/ See the notes to this game by Hazai in CBM 62}) ({The simple} 10.
exd6 Nxd6 11. O-O e5 $132 {is a superior version of the 9...Qd7 line - Black's
queen is better placed.}) 10... Qd7 11. dxe6 (11. Bf4 $6 dxe5 (11... exd5 12.
exd6 Bxb2 $5 13. Rb1 a6 14. Rxb2 axb5 $13 {/=/+}) 12. Nxe5 Bxe5 13. Bxe5 exd5
14. O-O Nc6 15. Bg3 d4 16. Re1 b6 17. Qd2 Bb7 18. Be4 a6 19. Nc3 Nf6 $17 {
Toth,B (2480)-Velimirovic,D (2520)/Praia da Rocha/1978/}) (11. exd6 Nxd6 12.
Nxd6 Qxd6 $15 {only helps Black to unravel his position.}) 11... Qxe6 12. Be3
$146 {[%mdl 8]} (12. Be4 dxe5 13. Bd5 Qd7 14. Qe2 Nc6 15. Rd1 a6 16. Na3 Nc7
17. O-O Re8 18. Qe4 Nd4 19. Bxb7 f5 20. Bd5+ Kh8 21. Qh4 Nxd5 22. cxd5 Qxd5 23.
Bf6 Bb7 24. Bxg7+ Kxg7 $19 25. Nc2 Qxf3 {0-1,Antonsen,M (2390)-Loeffler,S 
(2285)/Tastrup/1992/}) 12... dxe5 ({Black increases the tension. However, he
could have got a a good position with the simple} 12... Nc6 $1 13. exd6 (13.
Nxd6 Nxd6 14. exd6 Bxb2 {/\} 15. O-O Bxa1 16. Qxa1 Qxd6 17. Bh6 Nd4 $17) 13...
a6 (13... Bxb2 14. O-O $5 Bxa1 15. Qxa1 $44 {/\} a6 16. Nc7 Nxc7 17. Bh6 $36)
14. Nc3 (14. Nc7 Nxc7 15. dxc7 Qd6 16. O-O Qxc7 (16... Re8 $5) 17. Bxc5 Rd8 18.
Qc2 (18. Qe2 Bg4 19. Be4 Ne5 $36) 18... Ne5 19. Nxe5 Bxe5 $11 {/=/+}) 14...
Nxd6 15. Nd5 Nf5 16. Bxf5 Qxf5 17. O-O Be6 $11 {Black has finished his
development and already White must tread with some care.}) (12... Bxe5 13. Nxe5
Qxe5 (13... dxe5 14. Bxc5 Qc6 15. Bxf8 Qxg2 16. Rf1 Kxf8 17. Qd2 $32 {[%cal
Ye1c1]}) 14. O-O $44 {[%csl Ge3,Rf6,Rg7,Rh6]}) (12... a6 $5 13. Nc3 Nc6 {
can after} 14. exd6 Nxd6 {transpose to the 12...Nc6 line.}) 13. Bxc5 e4 14. Ng5
Qe5 15. Nxe4 f5 16. Bxf8 Kxf8 $6 (16... Bxf8 17. Qe2 (17. O-O fxe4 18. Re1 Nf6
$1 $15) 17... fxe4 18. Bxe4 Nc6 19. Bd5+ Kg7 20. Qxe5+ Nxe5 $132) 17. O-O fxe4
18. Re1 Bf5 ({Black must get his pieces out, he can't survive} 18... Qxb2 $2
19. Rb1 Qf6 20. Bxe4 $32 {->}) ({Contrary to the previous line} 18... Nf6 $2 {
now runs into} 19. Bxe4 $1 Nxe4 20. Qd8+ Qe8 21. Qxe8+ Kxe8 22. Nc7+ (22. Rxe4+
Kd8 23. Rd1+ Bd7 24. Nd4 $16) 22... Kd8 23. Nxa8 Nc5 24. Rad1+ $16) 19. Bxe4 $1
Bxe4 20. Nc3 Nf6 (20... Nc6 21. Nxe4 Rd8 22. Qf3+ $14) (20... Nd6 21. Nxe4 {
- 20...Nf6}) 21. Nxe4 Nxe4 22. Qf3+ ({Houdini suggests a more testing way to
regain the piece was} 22. Qd8+ Kf7 23. Rad1 $5 (23. Qc8 Qe7 24. Qg4 $36) 23...
h5 (23... Bf6 24. Qc8 Qe7 25. Qg4 $16) 24. Qh4 Nc6 25. Rd7+ Kf8 26. Qxe4 Qxe4
27. Rxe4 $14 {/+/-|^}) 22... Qf5 23. Qxe4 Qxe4 24. Rxe4 Na6 {[%mdl 5120] The
dust has settled and the result is a complex endgame with unbalanced material.
Without queens the R+2P should be worth more than B+N, but Timman still has no
dangerous passed pawn. As Black's pieces are quite active, he has reasonable
drawing chances.} (24... Nc6 25. Rd1 Bxb2 26. Rd7 (26. Rb1 Rd8 27. Kf1 Bc3 28.
Re3 Ba5 29. Rxb7 Rd1+ 30. Ke2 Rd2+ $11 31. Kf3 $2 Bb6) 26... Rd8 27. Ree7 Ne5
28. Rxd8+ Kxe7 29. Rb8 b6 30. c5 (30. Rb7+ Ke6 31. Rxh7 a5 $132) 30... Bd4 31.
Rb7+ Ke6 32. cxb6 axb6 33. Rxh7 Ng4 $11) 25. Re2 (25. g3 Bxb2 (25... Nc5 26.
Re2 Rd8 27. Rc1 $11 {/+/=}) 26. Rb1 Bg7 27. Rxb7 Nc5 28. Rf4+ Kg8 29. Rb1 Rd8
$132) 25... Rc8 (25... Rd8 $142 $5 $11 {/+/=}) 26. Rd1 $1 Rxc4 (26... Rc7 27.
g3 $14 {[%cal Gd1d8,Ge2e8]} (27. b3 $14)) 27. Rd8+ Kf7 28. Rd7+ Kf6 (28... Kf8
29. g3 Nc5 30. Rc7 $36) 29. g3 Rc7 $2 (29... Nc5 30. Rc7 Bf8 (30... h5 31. Ree7
Bh6 32. f4 $1 {[%csl Rf6,Rh6][%cal Ye7h7]} Nd3 33. Rf7+ Ke6 34. Rce7+ Kd5 35.
Rd7+ Ke6 36. Rfe7+ Kf6 37. Rh7 $18) 31. Re8 Bd6 32. Rxh7 Rd4 33. Re2 $14 {
was still only slightly better for White.}) 30. Ree7 (30. Red2 $5 {limits
Black's options and practically forces} Rxd7 (30... Rc1+ 31. Kg2 Nc5 32. R2d6+
Ne6 33. Rxe6+ Kxe6 34. Rxg7 $18) 31. Rxd7 Nc5 32. Rc7 Bf8 33. b4 Na6 34. Rxb7
Nxb4 35. Rxa7 Bc5 36. Rc7 Bd6 37. Rxh7 Nxa2 38. f4 $16) 30... Rc1+ {Jobava
wants to retain his rook to create effective counterplay. The drawback is this
loses time and material as well, now White is really close to winning.} (30...
Rxd7 $16 {- 30.Red2!?}) 31. Kg2 Bf8 $8 (31... Bh6 $2 32. Rxh7 $18) 32. Rxh7 {
[%cal Rd7f7]} Bc5 (32... Ke6 33. Rxb7 Rc2 34. h4 $5 Bc5 35. Rbg7 Rxf2+ 36. Kh3
Rf6 37. Rh8 $18 {[%csl Rg6]}) 33. Rxb7 Rc2 34. Rhf7+ Ke5 (34... Ke6 $5 $16) 35.
a3 Bb6 36. b4 Nc7 37. Rb8 (37. h4 $5 Nd5 38. Rf3 $18 {/+/-,/\} Ne3+ $2 39.
Rxe3+ Bxe3 40. Re7+) 37... Nd5 38. Re8+ Kd6 39. Rf3 (39. Rg8 g5 40. Rxg5 Ke6
41. Rf3 Ne3+ 42. Kh3 Nd1 $16) 39... g5 $5 40. h3 $1 Ra2 41. Re4 Nc3 {Black is
trying to keep his hopes alive with tactics, but objectively in the long run
he is fighting a lost cause.} (41... Rd2 $142) 42. Re1 (42. Rxc3 $2 Rxf2+ 43.
Kh1 Rf1+ $11) (42. Rd3+ $5 Nd5 43. Kf3 Rxf2+ 44. Kg4 $18 {[%cal Rg4g5,Re4e1,
Re1d1]}) 42... Nd5 43. h4 g4 {Trying to complicate matters in the same
do-or-die spirit.} (43... gxh4 44. gxh4 $18 {[%cal Gh4h8] frees more space
around White's king and wins rather easily.}) 44. Rf8 Ne3+ 45. Kg1 Nc4 46. Rf6+
Kd5 47. Rf5+ Kd6 48. Re4 (48. h5 Rxa3 (48... Nd2 49. h6 Bd4 50. Rd1 Ke6 51. Rf4
$18) 49. Kg2 Ra2 50. Rf6+ (50. h6 Ne3+ 51. Rxe3 Bxe3 52. Rf6+ Ke5 53. h7 Kxf6
54. h8=Q+ Kf7 55. Qh5+ $18) 50... Kd5 51. h6 Bd4 52. Rf5+ $18) 48... Nb2 49.
Rf6+ {White already had more than one way to win:} (49. Rxg4 Nd1 50. Rg6+ $18)
(49. Re2 Ra1+ 50. Kh2 Nd3 51. h5 $18) 49... Kd5 50. Rxg4 (50. Re2 $5) 50... Nd3
51. Rg5+ Ke4 52. Rgf5 Rxa3 53. Kg2 $18 (53. h5 $6 Nxf2 $1 54. Kg2 (54. Rxf2
Rxg3+ $14) 54... Ng4 $16) 53... Ra2 54. h5 Be3 (54... Bd4 55. Rf8 Bg7 56. R8f7
Bh6 57. R5f6 Bg5 58. Re6+ Kd5 59. Rg6 $18) 55. Rf7 (55. Ra5 Rb2 56. h6 Nxf2 (
56... Bxf2 57. Re6+ Kd4 58. h7 $18) 57. h7 Ng4+ 58. Kh3 $18) 55... Rb2 56. b5
Rc2 (56... Nxf2 57. Rxf2 Bxf2 58. Rxf2 Rxb5 59. g4 {[%cal Yg2g3,Yg3h4]} Rb3 60.
h6 Rb6 61. g5 Rg6 62. h7 Rxg5+ 63. Kh1 $1 Rh5+ 64. Rh2 $18) 57. R5f6 Bd4 58.
Re7+ Kd5 59. Rf5+ Kd6 (59... Kc4 60. Rc7+ Nc5 61. h6 Kxb5 62. Rxa7 $18) 60.
Ref7 Ne5 61. R7f6+ Ke7 62. Rf4 (62. Rf8 {-64.Rf8!}) 62... Be3 63. R4f5 Bd4 64.
Rf8 $1 Ng4 65. R5f7+ Ke6 66. Rf4 Bc5 67. R8f7 Bd6 (67... Ne3+ 68. Kh3 Nd5 69.
Rf3 Bd4 (69... Rb2 70. h6 Rxb5 71. h7 Bd4 72. Rf8 $18) 70. h6 Nf6 71. Rg7 Bxf2
72. g4 (72. h7 $2 Bg1 $11) 72... Bd4 73. g5 $18) 68. Rf3 Rb2 69. h6 (69. Kh3
Ne5 (69... Rb4 70. h6 Nxh6 71. R3f6+ $18) 70. R3f6+ Kd5 71. Rg7 Rxb5 72. f4 $18
) 69... Rxb5 70. Rg7 (70. h7 Rh5 (70... Be5 71. Kh3 $18) 71. Rg7 Ne5 72. g4 $1
{[%cal Yf3h3]}) 70... Nf6 (70... Nxh6 71. Rg6+) 71. g4 (71. Re3+ Re5 (71... Kf5
72. g4+ Nxg4 73. Rf3+ $18) 72. Rxe5+ Bxe5 73. Rxa7 $18) 71... Be5 72. h7 Rb8
73. Rh3 (73. Ra3 Rh8 74. Raxa7 $18) 73... Rh8 74. g5 $2 {White was winning for
more than 20 moves, with many different options to clinch his victory. However,
the text move is a serious error, which will cost him half a point.} (74. Rh6
Bf4 75. Rhg6 a5 76. g5 $18) (74. Kf3 a5 75. Rh6 a4 76. g5 a3 77. Ra7 a2 78.
Rxa2 Rxh7 79. Ra6+ $18) 74... Nd5 ({This is good enough, but even more precise
was} 74... Nh5 $142 $1 75. Rxa7 (75. Rg6+ $2 Kf5 $19) 75... Nf4+ 76. Kg3 Nxh3+
77. Kxh3 Kf5 $11) 75. Rh6+ Kf5 76. Rg8 ({Even after} 76. Rd7 Kxg5 77. Ra6 Nf6
78. Rg7+ Kf5 (78... Kh6 $5 79. Re7 Bd4 80. Rd6 Bc3 {and there seems to be no
direct win - the long diagonal is too long!}) 79. Raxa7 Bd4 {White can't make
further progress.}) 76... Ne7 77. Rxh8 Bxh8 78. f4 (78. Ra6 Kxg5 79. Rxa7 Ng6
80. Kg3 Kh6 $11 {[%csl Rh7][%cal Yg6f8,Yh8g7]}) 78... Kxf4 79. Re6 (79. g6 Kg5
80. g7 Bxg7 $11) 79... Nf5 80. g6 Kg5 {[%cal Yf5h4]} (80... Nh4+ 81. Kh3 Kg5
$11) 1/2-1/2